Доклад до ХIV обикновено народно събрание от парламентарната комисия за изработване щатове за чиновниците (Запис номер 198594)
[ съкратено ]
| 000 -Лидер | |
|---|---|
| Контролно поле с фиксирана дължина | 01449nam a2200313 c 4500 |
| 003 - Код на организацията, давaща контролен номер | |
| Контролно поле | BLK |
| 005 - Дата и час на последна редакция | |
| Контролно поле | 20191007153559.0 |
| 008 - Елементи от данни с фиксирана дължина | |
| fixed length control field | 180411b bul|||||r ||||||| ||bul|| |
| 010 ## - Наследен системен номер | |
| LC control number | KNG00207943000 |
| 040 ## - Източник на каталожния запис | |
| Идентификатор на билиотеката - собственик на записа | BLK |
| 041 ## - Код за език | |
| Код за езика на текст/звукозапис или на отделно заглавие | Български |
| Код за езика КДБФ | Български |
| 072 #7 - Код за тематичната категория | |
| Код организация | bullib |
| Код за тематична категория | А |
| Текст | Фонд Михаил Арнаудов |
| 080 ## - УДК | |
| Текстов определител УДК | Законодателна функция на парламента. Вж и 342.52 |
| УДК код - определител по УДК | 328.34 |
| УДК определител | (497.2)(042) |
| УДК - код + определител | 328.34(497.2)(042) |
| 110 1# - Редна дума - колетивен орган | |
| Редна дума - наименование на организация или юридическо лице | България. Нар. събрание |
| 9 (RLIN) | 279200 |
| 139 ## - Редно поле | |
| Редна дума | България. Нар. събрание |
| Авторски знак | Бъл - Б 92 |
| 245 10 - Сведения за заглавието | |
| Заглавие | Доклад до ХIV обикновено народно събрание от парламентарната комисия за изработване щатове за чиновниците |
| Подзаглавни данни | Т. 1 - 2 За том: Доклади до комисията от нейните членове |
| Том | Т. 2 |
| Заглавие на том | Материали |
| 257 ## - Страна на издаване | |
| Страна на създаване/издаване | България |
| 260 ## - Област на издателските данни | |
| Година на издаване | 1911 |
| Печатница | София : Държ. печ. |
| 300 ## - Физическа характеристика | |
| Размери/Мащаб | 31 см |
| 380 ## - Жанр | |
| Жанр | Обществени науки |
| 490 ## - СЕРИИ (Колекции) | |
| 9 (RLIN) | 396381 |
| Име на серия | Частна колекция - Академик Михаил Арнаудов |
| Бележки за серията | Дарение - Основен фонд |
| 650 #4 - Допълнително описание по предмет – тема | |
| Основно описание – тема или топоним | Парламент - функции |
| 9 (RLIN) | 165749 |
| 659 ## - Тематичен бюлетин | |
| Тематичен бюлетин | А |
| 760 1# - Описание на основната серия | |
| Редна дума на основното описание | България. Нар. събрание |
| Място на издаване, издател и година | 1911 |
| Страници - том | Х, 685 с. |
| Забележка - том | Мека подв., неразрязана |
| Заглавие | Т. 2 Материали |
| 852 ## - Местоположение | |
| Форматна сигнатура | МА 2961 |
| 856 4# - Електронен адрес и достъп | |
| Електронен формат | pdf - файл |
| 856 4# - Електронен адрес и достъп | |
| Електронен формат | pdf - файл |
| 999 ## - СИСТЕМНИ КОНТРОЛНИ НОМЕРА | |
| Koha biblionumber | 198594 |
| Koha biblioitemnumber | 198594 |
| 942 ## - АРТИКУЛИ | |
| Вид на библиотечния материал | Книги |
| Скрит в OPAC | Не |
| Периодичен библиозапис | Да |
| 944 ## - СЪЗДАВАНЕ И РЕДАКЦИЯ на ЗАПИСА | |
| Създаване/Редакция | Създаване |
| Дата на регистрацията/редакция | 14.06.2017 |
| Служител, извършил регистрацията/редакцията | Геновева_Генчева |
| 944 ## - СЪЗДАВАНЕ И РЕДАКЦИЯ на ЗАПИСА | |
| Създаване/Редакция | Редакция |
| Дата на регистрацията/редакция | 14.06.2017 |
| Служител, извършил регистрацията/редакцията | Геновева_Генчева |
| 999 ## - СИСТЕМНИ КОНТРОЛНИ НОМЕРА | |
| Koha biblioitemnumber | 198594 |
| Код за отписване | Код за изгубен артикул | Източник на класификационната схема | Код за повреда | Коз за рестрикции | Код за отдаване | Артикулен № | Име на библиотеката - собственик | Име на библиотеката, в която се намира в момента | Статус (Текущо местоположение) | Дата на вписване в системата | Местоположение - отдел | Цена в лева | Инвентарен номер | Систематично азбучна сигнатура | Баркод | Номер на екземпляра | Цена в евро | Служебна бележка | Служебен тип на артикула |
|---|---|---|---|---|---|---|---|---|---|---|---|---|---|---|---|---|---|---|---|
| Не е изгубен | Universal Decimal Classification | Не е повреден | само за читалня | Специални фондове ( старопечатни, редки и ценни, фонд М. Арнаудов) | 345267 | Регионална библиотека "Любен Каравелов" Русе | Регионална библиотека "Любен Каравелов" Русе | Фонд "Михаил Арнаудов" | 1973-01-01 | Фонд "Михаил Арнаудов" | 250.00 | 589507 | МА 2961 | 120000589507 | 1 | 127.82 | Дост: DA Вид: А N: стар фонд Дата: 01.01.1973 | Книги |